[Event "DVM U16w 2024"]
[Site "Neumünster GER"]
[Date "2024.12.30"]
[Round "7"]
[White "Gruber, Florentine"]
[Black "Petrosyan, Ani"]
[Result "0-1"]
[Termination "normal"]
[Board "5.2"]
[WhiteElo "1539"]
[BlackElo "1683"]
[WhiteClock "00:06:07"]
[BlackClock "00:22:26"]
[WhiteTeam "SchachAkademiePaderborn"]
[BlackTeam "TuRa Harksheide 1945 Norderstedt"]
[PlyCount "86"]
[WhiteFideId "34605711"]
[BlackFideId "16248015"]
[EventCountry "GER"]
[EventRounds "7"]
[EventType "team-swiss"]
[EventDate "2024.12.26"]

1. d4 {[%clk 01:30:59]} d5 {[%clk 01:30:53]} {[%emt 00:00:08]} 2. c4 {[%clk
01:31:23]} {[%emt 00:00:07]} c6 {[%clk 01:31:18]} {[%emt 00:00:04]} 3. Nf3
{[%clk 01:31:44]} {[%emt 00:00:08]} Nf6 {[%clk 01:31:30]} {[%emt 00:00:19]} 4.
e3 {[%clk 01:31:52]} {[%emt 00:00:21]} e6 {[%clk 01:31:51]} {[%emt 00:00:09]}
5. Nbd2 {[%clk 01:32:04]} {[%emt 00:00:18]} Be7 {[%clk 01:31:29]} {[%emt
00:00:53]} 6. Bd3 {[%clk 01:32:20]} {[%emt 00:00:14]} O-O {[%clk 01:31:26]}
{[%emt 00:00:32]} 7. O-O {[%clk 01:32:42]} {[%emt 00:00:08]} Nbd7 {[%emt
00:00:47]} 8. Re1 {[%clk 01:31:35]} {[%emt 00:01:17]} c5 {[%clk 01:31:25]}
{[%emt 00:00:35]} 9. e4 {[%clk 01:29:39]} {[%emt 00:02:26]} dxc4 {[%clk
01:30:04]} {[%emt 00:01:52]} 10. Nxc4 {[%clk 01:29:40]} {[%emt 00:00:28]} cxd4
{[%clk 01:29:37]} {[%emt 00:00:56]} 11. Nxd4 {[%clk 01:29:25]} {[%emt
00:00:46]} Nc5 {[%clk 01:29:19]} {[%emt 00:00:48]} 12. Bc2 {[%clk 01:28:47]}
{[%emt 00:01:07]} Qc7 {[%clk 01:27:32]} {[%emt 00:02:18]} 13. e5 {[%clk
01:21:30]} {[%emt 00:07:46]} Nd5 {[%clk 01:26:26]} {[%emt 00:01:37]} 14. b3
{[%clk 01:13:15]} {[%emt 00:08:45]} Rd8 {[%clk 01:25:11]} {[%emt 00:01:45]} 15.
Bd2 {[%clk 01:08:23]} {[%emt 00:05:21]} Nb6 {[%clk 01:23:14]} {[%emt 00:02:28]}
16. Ba5 {[%clk 01:02:47]} {[%emt 00:06:06]} Na6 {[%clk 01:14:31]} {[%emt
00:09:13]} 17. Rc1 {[%clk 00:56:32]} {[%emt 00:06:45]} Bc5 {[%clk 01:03:20]}
{[%emt 00:11:40]} 18. Re4 {[%clk 00:51:43]} {[%emt 00:05:20]} Nb4 {[%clk
01:02:09]} {[%emt 00:01:41]} 19. Bxb4 {[%clk 00:45:02]} {[%emt 00:07:11]} Bxb4
{[%clk 01:00:41]} {[%emt 00:01:57]} 20. Nxb6 {[%clk 00:39:37]} {[%emt
00:05:55]} Qxb6 {[%clk 00:59:24]} {[%emt 00:01:47]} 21. Rh4 {[%clk 00:36:48]}
{[%emt 00:03:19]} g6 {[%clk 00:59:08]} {[%emt 00:00:46]} 22. Qg4 {[%clk
00:35:48]} {[%emt 00:01:30]} Bc5 {[%clk 00:52:12]} {[%emt 00:07:28]} 23. Rd1
{[%clk 00:35:40]} {[%emt 00:00:37]} Qa5 {[%clk 00:46:16]} {[%emt 00:06:26]} 24.
h3 {[%clk 00:28:07]} {[%emt 00:08:02]} Be7 {[%clk 00:43:49]} {[%emt 00:02:58]}
25. Rh6 {[%clk 00:27:27]} {[%emt 00:01:09]} Qxe5 {[%clk 00:43:11]} {[%emt
00:01:08]} 26. Nf3 {[%clk 00:25:12]} {[%emt 00:02:45]} Rxd1+ {[%clk 00:43:17]}
{[%emt 00:00:25]} 27. Bxd1 {[%clk 00:25:38]} {[%emt 00:00:04]} Qg7 {[%clk
00:43:08]} {[%emt 00:00:39]} 28. Qf4 {[%clk 00:23:15]} {[%emt 00:02:52]} g5
{[%clk 00:39:44]} {[%emt 00:03:55]} 29. Qc7 {[%clk 00:23:26]} {[%emt 00:00:19]}
Qxh6 {[%clk 00:38:29]} {[%emt 00:01:45]} 30. Qxe7 {[%clk 00:23:49]} {[%emt
00:00:06]} f6 {[%clk 00:38:47]} {[%emt 00:00:13]} 31. Nd4 {[%clk 00:20:14]}
{[%emt 00:04:04]} Qf8 {[%clk 00:38:21]} {[%emt 00:00:56]} 32. Qc7 {[%clk
00:20:16]} {[%emt 00:00:29]} e5 {[%clk 00:36:11]} {[%emt 00:02:39]} 33. Bc2
{[%clk 00:19:12]} {[%emt 00:01:34]} Qf7 {[%clk 00:32:28]} {[%emt 00:04:13]} 34.
Qd8+ {[%clk 00:17:27]} {[%emt 00:02:15]} Kg7 {[%clk 00:25:14]} {[%emt
00:07:45]} 35. Nf3 {[%clk 00:15:43]} {[%emt 00:02:13]} Qd7 {[%clk 00:24:09]}
{[%emt 00:01:35]} 36. Qa5 {[%clk 00:15:11]} {[%emt 00:01:02]} b6 {[%clk
00:23:27]} {[%emt 00:01:12]} 37. Qb4 {[%clk 00:13:48]} {[%emt 00:01:54]} Bb7
{[%clk 00:23:18]} {[%emt 00:00:40]} 38. Qa3 {[%clk 00:08:10]} {[%emt 00:06:07]}
Bxf3 {[%clk 00:22:20]} {[%emt 00:01:27]} 39. gxf3 {[%clk 00:08:32]} {[%emt
00:00:08]} Rc8 {[%clk 00:22:31]} {[%emt 00:00:20]} 40. Qb2 {[%clk 00:07:22]}
{[%emt 00:01:40]} Qd2 {[%clk 00:21:59]} {[%emt 00:00:59]} 41. Qa3 {[%clk
00:07:09]} {[%emt 00:00:46]} Qxc2 {[%clk 00:22:02]} {[%emt 00:00:27]} 42. Qxa7+
{[%emt 00:01:17]} Qc7 {[%clk 00:22:02]} {[%emt 00:00:28]} 43. Qa3 {[%clk
00:06:07]} {[%emt 00:00:46]} Qc1+ {[%clk 00:22:26]} {[%emt 00:00:06]} 0-1

[Event "DVM U16w 2024"]
[Site "Neumünster GER"]
[Date "2024.12.30"]
[Round "7"]
[White "Striebeck, Liv"]
[Black "Hladeniuk, Yelyzaveta"]
[Result "1/2-1/2"]
[Termination "normal"]
[Board "5.3"]
[WhiteElo "1448"]
[BlackElo "1630"]
[WhiteClock "00:21:52"]
[BlackClock "01:20:46"]
[WhiteTeam "TuRa Harksheide 1945 Norderstedt"]
[BlackTeam "SchachAkademiePaderborn"]
[PlyCount "79"]
[WhiteFideId "16275438"]
[BlackFideId "34176128"]
[EventCountry "GER"]
[EventRounds "7"]
[EventType "team-swiss"]
[EventDate "2024.12.26"]

1. e4 {[%clk 01:30:58]} {[%emt 00:00:02]} c6 {[%clk 01:30:53]} {[%emt
00:00:08]} 2. d4 {[%clk 01:31:19]} {[%emt 00:00:08]} d5 {[%clk 01:31:15]}
{[%emt 00:00:09]} 3. Nc3 {[%clk 01:31:43]} {[%emt 00:00:06]} dxe4 {[%clk
01:31:20]} {[%emt 00:00:25]} 4. Nxe4 {[%clk 01:32:07]} {[%emt 00:00:05]} Bf5
{[%clk 01:31:37]} {[%emt 00:00:13]} 5. Ng3 {[%clk 01:32:22]} {[%emt 00:00:15]}
Bg6 {[%clk 01:31:55]} {[%emt 00:00:12]} 6. h4 {[%clk 01:32:46]} {[%emt
00:00:06]} h6 {[%clk 01:31:55]} {[%emt 00:00:31]} 7. h5 {[%clk 01:32:49]}
{[%emt 00:00:26]} Bh7 {[%clk 01:32:19]} {[%emt 00:00:07]} 8. Bd3 {[%clk
01:32:41]} {[%emt 00:00:37]} Qxd4 {[%clk 01:32:23]} {[%emt 00:00:27]} 9. Nf3
{[%clk 01:30:02]} {[%emt 00:03:09]} Qd8 {[%clk 01:32:30]} {[%emt 00:00:23]} 10.
Bf4 {[%clk 01:25:44]} {[%emt 00:04:48]} Bxd3 {[%clk 01:32:28]} {[%emt
00:00:32]} 11. Qxd3 {[%clk 01:24:24]} {[%emt 00:01:50]} Qxd3 {[%clk 01:30:43]}
{[%emt 00:02:15]} 12. cxd3 {[%clk 01:24:48]} {[%emt 00:00:06]} Nf6 {[%clk
01:30:50]} {[%emt 00:00:22]} 13. O-O {[%clk 01:23:04]} {[%emt 00:02:14]} e6
{[%clk 01:30:48]} {[%emt 00:00:33]} 14. Rad1 {[%clk 01:21:31]} {[%emt
00:02:03]} Bc5 {[%clk 01:30:25]} {[%emt 00:00:47]} 15. Ne5 {[%clk 01:17:52]}
{[%emt 00:04:15]} Nbd7 {[%clk 01:29:48]} {[%emt 00:01:06]} 16. d4 {[%clk
01:15:41]} {[%emt 00:02:41]} Bb6 {[%clk 01:29:49]} {[%emt 00:00:29]} 17. Rfe1
{[%clk 01:13:49]} {[%emt 00:02:21]} O-O {[%clk 01:29:48]} {[%emt 00:00:32]} 18.
Nxd7 {[%clk 01:01:19]} {[%emt 00:13:01]} Nxd7 {[%clk 01:30:08]} {[%emt
00:00:10]} 19. Ne4 {[%clk 00:59:41]} {[%emt 00:02:08]} Rac8 {[%clk 01:29:17]}
{[%emt 00:01:20]} 20. Nd6 {[%clk 00:55:27]} {[%emt 00:04:44]} Bc7 {[%clk
01:24:58]} {[%emt 00:04:49]} 21. Nxc8 {[%clk 00:49:46]} {[%emt 00:06:11]} Bxf4
{[%clk 01:25:20]} {[%emt 00:00:08]} 22. Nxa7 {[%clk 00:48:10]} {[%emt
00:02:06]} Ra8 {[%clk 01:25:16]} {[%emt 00:00:32]} 23. Nxc6 {[%clk 00:46:29]}
{[%emt 00:02:14]} bxc6 {[%clk 01:25:37]} {[%emt 00:00:08]} 24. a3 {[%clk
00:46:17]} {[%emt 00:00:42]} Nf6 {[%clk 01:25:27]} {[%emt 00:00:40]} 25. Re2
{[%clk 00:44:30]} {[%emt 00:02:17]} Nxh5 {[%clk 01:25:28]} {[%emt 00:00:28]}
26. Rc2 {[%clk 00:43:48]} {[%emt 00:01:13]} Ra6 {[%clk 01:25:12]} {[%emt
00:00:44]} 27. Rd3 {[%clk 00:39:29]} {[%emt 00:04:51]} Nf6 {[%clk 01:24:37]}
{[%emt 00:01:03]} 28. Rdc3 {[%clk 00:39:03]} {[%emt 00:00:57]} Ra4 {[%clk
01:24:44]} {[%emt 00:00:22]} 29. Rc4 {[%clk 00:38:43]} {[%emt 00:00:51]} Ra5
{[%clk 01:24:56]} {[%emt 00:00:18]} 30. Rxc6 {[%clk 00:38:12]} {[%emt
00:01:01]} Rd5 {[%clk 01:25:09]} {[%emt 00:00:16]} 31. R6c4 {[%clk 00:37:23]}
{[%emt 00:01:20]} e5 {[%clk 01:25:18]} {[%emt 00:00:21]} 32. g3 {[%clk
00:37:05]} {[%emt 00:00:49]} Bg5 {[%clk 01:24:33]} {[%emt 00:01:14]} 33. dxe5
{[%clk 00:36:10]} {[%emt 00:01:25]} Nd7 {[%clk 01:23:36]} {[%emt 00:01:26]} 34.
f4 {[%clk 00:33:03]} {[%emt 00:03:38]} Be7 {[%clk 01:22:58]} {[%emt 00:01:07]}
35. b4 {[%clk 00:31:49]} {[%emt 00:01:46]} Rd3 {[%clk 01:22:39]} {[%emt
00:00:47]} 36. R2c3 {[%clk 00:30:42]} {[%emt 00:01:39]} Rd1+ {[%clk 01:22:40]}
{[%emt 00:00:29]} 37. Kf2 {[%clk 00:30:38]} {[%emt 00:00:31]} Kh7 {[%clk
01:22:07]} {[%emt 00:01:06]} 38. Ke3 {[%clk 00:24:47]} {[%emt 00:06:21]} Bd8
{[%clk 01:21:54]} {[%emt 00:00:41]} 39. Rd4 {[%clk 00:21:52]} {[%emt 00:03:27]}
Bb6 {[%clk 01:20:46]} {[%emt 00:01:37]} 40. Rcd3 {[%emt 00:03:03]} 1/2-1/2

[Event "DVM U16w 2024"]
[Site "Neumünster GER"]
[Date "2024.12.30"]
[Round "7"]
[White "Cao, Weiqi"]
[Black "Borck, Elena"]
[Result "1-0"]
[Termination "normal"]
[Board "5.4"]
[WhiteElo "1610"]
[BlackElo "1035"]
[WhiteClock "00:05:12"]
[BlackClock "00:01:09"]
[WhiteTeam "SchachAkademiePaderborn"]
[BlackTeam "TuRa Harksheide 1945 Norderstedt"]
[PlyCount "77"]
[WhiteFideId "34630112"]
[BlackFideId "16275446"]
[EventCountry "GER"]
[EventRounds "7"]
[EventType "team-swiss"]
[EventDate "2024.12.26"]

1. d4 {[%clk 01:30:56]} {[%emt 00:00:02]} d5 {[%clk 01:30:55]} {[%emt
00:00:06]} 2. Nf3 {[%clk 01:31:20]} {[%emt 00:00:05]} Nf6 {[%clk 01:31:19]}
{[%emt 00:00:07]} 3. g3 {[%clk 01:31:45]} {[%emt 00:00:05]} e6 {[%clk
01:31:32]} {[%emt 00:00:18]} 4. Bg2 {[%clk 01:32:09]} {[%emt 00:00:05]} c5
{[%clk 01:31:52]} {[%emt 00:00:10]} 5. c4 {[%clk 01:32:17]} {[%emt 00:00:21]}
dxc4 {[%clk 01:28:35]} {[%emt 00:03:48]} 6. Qa4+ {[%clk 01:31:46]} {[%emt
00:01:01]} Bd7 {[%clk 01:26:27]} {[%emt 00:02:38]} 7. Qxc4 {[%clk 01:30:36]}
{[%emt 00:01:39]} Qb6 {[%clk 01:09:49]} {[%emt 00:17:09]} 8. Nc3 {[%clk
01:22:57]} {[%emt 00:08:09]} cxd4 {[%clk 01:02:44]} {[%emt 00:07:35]} 9. Nxd4
{[%clk 01:16:18]} {[%emt 00:07:08]} Bc5 {[%clk 00:50:04]} {[%emt 00:13:11]} 10.
Bxb7 {[%clk 01:04:20]} {[%emt 00:12:28]} Qxb7 {[%clk 00:50:23]} {[%emt
00:00:11]} 11. Qxc5 {[%clk 01:04:43]} {[%emt 00:00:07]} Qxh1+ {[%clk 00:50:46]}
{[%emt 00:00:07]} 12. Kd2 {[%clk 01:05:03]} {[%emt 00:00:10]} Ne4+ {[%clk
00:48:19]} {[%emt 00:02:57]} 13. Nxe4 {[%clk 01:05:12]} {[%emt 00:00:21]} Qxe4
{[%clk 00:48:41]} {[%emt 00:00:08]} 14. Nb5 {[%clk 01:02:16]} {[%emt 00:03:25]}
Na6 {[%clk 00:43:56]} {[%emt 00:05:16]} 15. Nd6+ {[%clk 01:01:33]} {[%emt
00:01:13]} Ke7 {[%clk 00:39:18]} {[%emt 00:05:08]} 16. Nxe4+ {[%clk 01:01:41]}
{[%emt 00:00:23]} Nxc5 {[%clk 00:39:40]} {[%emt 00:00:05]} 17. Nxc5 {[%clk
01:01:56]} {[%emt 00:00:17]} Bc6 {[%clk 00:29:59]} {[%emt 00:10:12]} 18. b3
{[%clk 00:55:59]} {[%emt 00:06:26]} Rhd8+ {[%clk 00:26:44]} {[%emt 00:03:45]}
19. Kc3 {[%clk 00:53:15]} {[%emt 00:03:14]} Rac8 {[%clk 00:21:17]} {[%emt
00:05:57]} 20. b4 {[%clk 00:34:48]} {[%emt 00:18:57]} Bb5 {[%clk 00:17:44]}
{[%emt 00:04:03]} 21. e4 {[%clk 00:30:49]} {[%emt 00:04:28]} Kf6 {[%clk
00:05:31]} {[%emt 00:12:44]} 22. Kb3 {[%clk 00:21:23]} {[%emt 00:09:55]} Rb8
{[%clk 00:00:35]} {[%emt 00:05:26]} 23. Bf4 {[%clk 00:17:46]} {[%emt 00:04:07]}
e5 {[%clk 00:00:38]} {[%emt 00:00:28]} 24. Be3 {[%clk 00:17:29]} {[%emt
00:00:47]} Be2 {[%clk 00:00:37]} {[%emt 00:00:31]} 25. h4 {[%clk 00:15:26]}
{[%emt 00:02:32]} Rdc8 {[%clk 00:00:34]} {[%emt 00:00:33]} 26. Nd7+ {[%clk
00:15:20]} {[%emt 00:00:36]} Kg6 {[%clk 00:00:44]} {[%emt 00:00:20]} 27. Nxb8
{[%clk 00:15:30]} {[%emt 00:00:21]} Rxb8 {[%clk 00:01:12]} {[%emt 00:00:03]}
28. Bxa7 {[%clk 00:13:12]} {[%emt 00:02:47]} Rd8 {[%clk 00:00:37]} {[%emt
00:01:05]} 29. Rc1 {[%clk 00:12:04]} {[%emt 00:01:38]} f6 {[%clk 00:00:32]}
{[%emt 00:00:34]} 30. b5 {[%clk 00:10:05]} {[%emt 00:02:29]} Bxb5 {[%clk
00:00:49]} {[%emt 00:00:14]} 31. f4 {[%clk 00:07:16]} {[%emt 00:03:19]} Rd3+
{[%clk 00:00:40]} {[%emt 00:00:39]} 32. Rc3 {[%clk 00:07:31]} {[%emt 00:00:15]}
exf4 {[%clk 00:00:33]} {[%emt 00:00:37]} 33. gxf4 {[%clk 00:06:50]} {[%emt
00:01:11]} f5 {[%clk 00:00:33]} {[%emt 00:00:30]} 34. Rxd3 {[%clk 00:06:45]}
{[%emt 00:00:35]} Bxd3 {[%clk 00:00:54]} {[%emt 00:00:09]} 35. e5 {[%clk
00:06:57]} {[%emt 00:00:17]} Kf7 {[%clk 00:01:03]} {[%emt 00:00:22]} 36. a4
{[%clk 00:06:27]} {[%emt 00:01:00]} h5 {[%clk 00:00:35]} {[%emt 00:00:58]} 37.
a5 {[%clk 00:06:22]} {[%emt 00:00:36]} g5 {[%clk 00:00:48]} {[%emt 00:00:17]}
38. fxg5 {[%clk 00:05:29]} {[%emt 00:01:22]} f4 {[%clk 00:01:09]} {[%emt
00:00:10]} 39. Bf2 {[%clk 00:05:12]} {[%emt 00:00:46]} 1-0

[Event "DVM U16w 2024"]
[Site "Neumünster GER"]
[Date "2024.12.30"]
[Round "7"]
[White "Stepanjan, Tatevik Mia"]
[Black "Huber, Laura"]
[Result "1/2-1/2"]
[Termination "normal"]
[Board "6.1"]
[WhiteElo "1572"]
[BlackElo "1679"]
[WhiteClock "00:16:01"]
[BlackClock "00:21:28"]
[WhiteTeam "Elmshorner SC 1896"]
[BlackTeam "FC Bayern München 2"]
[PlyCount "89"]
[WhiteFideId "16246128"]
[BlackFideId "16270940"]
[EventCountry "GER"]
[EventRounds "7"]
[EventType "team-swiss"]
[EventDate "2024.12.26"]

1. e4 {[%clk 01:30:58]} {[%emt 00:00:02]} c6 {[%clk 01:30:57]} {[%emt
00:00:03]} 2. d4 {[%clk 01:31:20]} {[%emt 00:00:08]} d5 {[%clk 01:31:24]}
{[%emt 00:00:04]} 3. exd5 {[%clk 01:31:44]} {[%emt 00:00:06]} cxd5 {[%clk
01:31:48]} {[%emt 00:00:06]} 4. Bd3 {[%clk 01:32:05]} {[%emt 00:00:08]} Nc6
{[%clk 01:26:56]} {[%emt 00:05:23]} 5. c3 {[%clk 01:32:29]} {[%emt 00:00:06]}
Qc7 {[%clk 01:24:35]} {[%emt 00:02:51]} 6. h3 {[%clk 01:32:38]} {[%emt
00:00:20]} Nf6 {[%clk 01:23:17]} {[%emt 00:01:48]} 7. Bg5 {[%clk 01:32:53]}
{[%emt 00:00:15]} g6 {[%clk 01:12:44]} {[%emt 00:11:03]} 8. Qe2 {[%clk
01:30:57]} {[%emt 00:02:26]} Bg7 {[%clk 01:11:13]} {[%emt 00:02:01]} 9. Nf3
{[%clk 01:31:06]} {[%emt 00:00:21]} O-O {[%clk 01:09:18]} {[%emt 00:02:26]} 10.
O-O {[%clk 01:30:06]} {[%emt 00:01:29]} Re8 {[%clk 01:03:26]} {[%emt 00:06:22]}
11. Re1 {[%clk 01:26:22]} {[%emt 00:04:14]} Be6 {[%clk 01:00:41]} {[%emt
00:03:16]} 12. Nbd2 {[%clk 01:25:22]} {[%emt 00:01:29]} Rac8 {[%clk 00:55:09]}
{[%emt 00:06:02]} 13. Nb3 {[%clk 01:24:58]} {[%emt 00:00:54]} b6 {[%clk
00:53:18]} {[%emt 00:02:21]} 14. Qd2 {[%clk 01:24:10]} {[%emt 00:01:18]} a5
{[%clk 00:47:24]} {[%emt 00:06:25]} 15. a4 {[%clk 01:24:15]} {[%emt 00:00:25]}
Nh5 {[%clk 00:44:21]} {[%emt 00:03:32]} 16. Bh6 {[%clk 01:20:59]} {[%emt
00:03:45]} Rcd8 {[%clk 00:40:44]} {[%emt 00:04:08]} 17. Bb5 {[%clk 01:09:12]}
{[%emt 00:12:17]} Bd7 {[%clk 00:36:46]} {[%emt 00:04:29]} 18. Re2 {[%clk
01:03:24]} {[%emt 00:06:17]} Na7 {[%clk 00:34:08]} {[%emt 00:03:08]} 19. Bxd7
{[%emt 00:02:07]} Qxd7 {[%clk 00:33:17]} {[%emt 00:01:19]} 20. Bxg7 {[%clk
00:55:58]} {[%emt 00:06:21]} Kxg7 {[%clk 00:33:04]} {[%emt 00:00:43]} 21. Ne5
{[%clk 00:47:44]} {[%emt 00:08:43]} Qc7 {[%clk 00:31:52]} {[%emt 00:01:43]} 22.
Ng4 {[%clk 00:44:28]} {[%emt 00:03:45]} Qf4 {[%clk 00:24:49]} {[%emt 00:07:33]}
23. Qd3 {[%clk 00:40:29]} {[%emt 00:04:29]} Qc7 {[%clk 00:23:41]} {[%emt
00:01:39]} 24. Qc2 {[%clk 00:29:43]} {[%emt 00:11:16]} Nc8 {[%clk 00:21:55]}
{[%emt 00:02:15]} 25. Rae1 {[%clk 00:28:11]} {[%emt 00:02:02]} Nd6 {[%clk
00:20:55]} {[%emt 00:01:30]} 26. Qd2 {[%clk 00:24:01]} {[%emt 00:04:41]} Nc4
{[%clk 00:15:30]} {[%emt 00:05:55]} 27. Qh6+ {[%clk 00:23:01]} {[%emt
00:01:30]} Kg8 {[%clk 00:14:58]} {[%emt 00:01:02]} 28. Ne5 {[%clk 00:13:43]}
{[%emt 00:09:48]} Nxe5 {[%clk 00:13:16]} {[%emt 00:02:12]} 29. dxe5 {[%clk
00:11:37]} {[%emt 00:02:35]} Ng7 {[%clk 00:08:16]} {[%emt 00:05:31]} 30. Nd2
{[%clk 00:11:27]} {[%emt 00:00:40]} Nf5 {[%clk 00:07:54]} {[%emt 00:00:52]} 31.
Qf4 {[%clk 00:09:15]} {[%emt 00:02:34]} Kg7 {[%clk 00:07:34]} {[%emt 00:00:57]}
32. h4 {[%clk 00:08:09]} {[%emt 00:01:36]} e6 {[%clk 00:06:23]} {[%emt
00:01:42]} 33. g4 {[%clk 00:05:40]} {[%emt 00:02:59]} Nh6 {[%clk 00:05:55]}
{[%emt 00:00:58]} 34. h5 {[%clk 00:04:31]} {[%emt 00:01:38]} Qe7 {[%clk
00:05:39]} {[%emt 00:00:46]} 35. g5 {[%clk 00:03:59]} {[%emt 00:01:02]} Nf5
{[%clk 00:05:50]} {[%emt 00:00:20]} 36. h6+ {[%clk 00:03:41]} {[%emt 00:00:48]}
Kh8 {[%clk 00:05:06]} {[%emt 00:01:14]} 37. Nf3 {[%clk 00:02:56]} {[%emt
00:01:13]} Qc5 {[%clk 00:05:05]} {[%emt 00:00:33]} 38. Nd4 {[%clk 00:02:53]}
{[%emt 00:00:32]} Qc7 {[%clk 00:04:57]} {[%emt 00:00:39]} 39. Rd2 {[%clk
00:01:50]} {[%emt 00:01:33]} Qd7 {[%clk 00:04:28]} {[%emt 00:00:59]} 40. Rd3
{[%clk 00:00:56]} {[%emt 00:01:23]} Qxa4 {[%clk 00:01:08]} {[%emt 00:03:51]}
41. Nxe6 {[%clk 00:27:50]} {[%emt 00:03:36]} Qxf4 {[%clk 00:28:53]} {[%emt
00:02:44]} 42. Nxf4 {[%clk 00:27:59]} {[%emt 00:00:21]} d4 {[%clk 00:27:29]}
{[%emt 00:01:54]} 43. c4 {[%clk 00:19:35]} {[%emt 00:08:55]} Rc8 {[%clk
00:26:12]} {[%emt 00:01:46]} 44. b3 {[%clk 00:19:30]} {[%emt 00:00:36]} a4
{[%clk 00:21:28]} {[%emt 00:05:14]} 45. bxa4 {[%clk 00:16:01]} {[%emt
00:03:59]} 1/2-1/2

[Event "DVM U16w 2024"]
[Site "Neumünster GER"]
[Date "2024.12.30"]
[Round "7"]
[White "Grey, Paula"]
[Black "Margaryan, Sofia"]
[Result "0-1"]
[Termination "normal"]
[Board "6.2"]
[WhiteElo "1221"]
[BlackElo "1532"]
[WhiteClock "00:08:57"]
[BlackClock "00:37:58"]
[WhiteTeam "FC Bayern München 2"]
[BlackTeam "Elmshorner SC 1896"]
[PlyCount "74"]
[WhiteFideId "34630180"]
[BlackFideId "16268229"]
[EventCountry "GER"]
[EventRounds "7"]
[EventType "team-swiss"]
[EventDate "2024.12.26"]

1. e4 {[%clk 01:30:57]} {[%emt 00:00:02]} c6 {[%clk 01:30:56]} {[%emt
00:00:04]} 2. d4 {[%clk 01:31:18]} {[%emt 00:00:10]} d5 {[%clk 01:31:20]}
{[%emt 00:00:06]} 3. exd5 {[%clk 01:31:26]} {[%emt 00:00:21]} cxd5 {[%clk
01:31:39]} {[%emt 00:00:10]} 4. Nf3 {[%clk 01:30:50]} {[%emt 00:01:07]} Bg4
{[%clk 01:31:45]} {[%emt 00:00:24]} 5. Be3 {[%clk 01:28:51]} {[%emt 00:02:29]}
Nf6 {[%clk 01:31:22]} {[%emt 00:00:53]} 6. h3 {[%clk 01:27:10]} {[%emt
00:02:11]} Bh5 {[%clk 01:31:34]} {[%emt 00:00:18]} 7. Be2 {[%clk 01:24:47]}
{[%emt 00:02:53]} e6 {[%clk 01:31:52]} {[%emt 00:00:12]} 8. Nbd2 {[%clk
01:22:41]} {[%emt 00:02:36]} Bd6 {[%clk 01:28:53]} {[%emt 00:03:29]} 9. Ne5
{[%clk 01:17:53]} {[%emt 00:05:18]} Bxe2 {[%clk 01:28:38]} {[%emt 00:00:44]}
10. Qxe2 {[%clk 01:17:44]} {[%emt 00:00:40]} a6 {[%clk 01:27:50]} {[%emt
00:01:19]} 11. Bf4 {[%clk 01:09:53]} {[%emt 00:08:20]} Qc7 {[%clk 01:24:43]}
{[%emt 00:03:37]} 12. Ndf3 {[%clk 01:08:53]} {[%emt 00:01:30]} Nc6 {[%clk
01:23:05]} {[%emt 00:02:08]} 13. Bh2 {[%clk 01:02:29]} {[%emt 00:06:55]} O-O
{[%clk 01:19:25]} {[%emt 00:04:09]} 14. O-O {[%clk 01:00:17]} {[%emt 00:02:42]}
Ne4 {[%clk 01:11:34]} {[%emt 00:08:20]} 15. Nxc6 {[%clk 00:54:31]} {[%emt
00:06:17]} Bxh2+ {[%clk 01:11:36]} {[%emt 00:00:28]} 16. Nxh2 {[%clk 00:54:44]}
{[%emt 00:00:17]} bxc6 {[%clk 01:11:52]} {[%emt 00:00:14]} 17. Nf3 {[%clk
00:52:02]} {[%emt 00:03:12]} c5 {[%clk 01:11:24]} {[%emt 00:00:58]} 18. c3
{[%clk 00:48:08]} {[%emt 00:04:24]} c4 {[%clk 01:09:19]} {[%emt 00:02:35]} 19.
Nd2 {[%clk 00:44:29]} {[%emt 00:04:06]} Nxd2 {[%clk 01:09:18]} {[%emt
00:00:33]} 20. Qxd2 {[%clk 00:44:48]} {[%emt 00:00:12]} Rfb8 {[%clk 01:09:23]}
{[%emt 00:00:25]} 21. Rab1 {[%clk 00:41:26]} {[%emt 00:03:52]} Rb6 {[%clk
01:09:04]} {[%emt 00:00:50]} 22. Rfe1 {[%clk 00:38:26]} {[%emt 00:03:28]} Rab8
{[%clk 01:05:47]} {[%emt 00:03:48]} 23. Qc2 {[%clk 00:33:21]} {[%emt 00:05:35]}
a5 {[%clk 00:57:49]} {[%emt 00:08:28]} 24. b3 {[%clk 00:30:35]} {[%emt
00:03:15]} Qb7 {[%clk 00:56:11]} {[%emt 00:02:09]} 25. Ra1 {[%clk 00:24:32]}
{[%emt 00:06:33]} Qc7 {[%clk 00:41:40]} {[%emt 00:15:01]} 26. bxc4 {[%clk
00:22:03]} {[%emt 00:02:59]} Qxc4 {[%clk 00:41:53]} {[%emt 00:00:17]} 27. Rab1
{[%clk 00:20:23]} {[%emt 00:02:09]} h6 {[%clk 00:41:25]} {[%emt 00:01:00]} 28.
Rxb6 {[%clk 00:19:09]} {[%emt 00:01:44]} Rxb6 {[%clk 00:41:45]} {[%emt
00:00:09]} 29. Rc1 {[%clk 00:17:43]} {[%emt 00:01:55]} a4 {[%clk 00:40:02]}
{[%emt 00:02:14]} 30. Qd2 {[%clk 00:14:42]} {[%emt 00:03:30]} a3 {[%clk
00:39:18]} {[%emt 00:01:15]} 31. Rc2 {[%clk 00:13:57]} {[%emt 00:01:15]} Rb1+
{[%clk 00:38:55]} {[%emt 00:00:52]} 32. Kh2 {[%clk 00:12:54]} {[%emt 00:01:34]}
Qc7+ {[%clk 00:36:37]} {[%emt 00:02:48]} 33. g3 {[%clk 00:13:02]} {[%emt
00:00:22]} Qc4 {[%clk 00:36:39]} {[%emt 00:00:28]} 34. Qe2 {[%clk 00:10:03]}
{[%emt 00:03:28]} Qxe2 {[%clk 00:36:55]} {[%emt 00:00:14]} 35. Rxe2 {[%clk
00:10:29]} {[%emt 00:00:04]} Rb2 {[%clk 00:37:17]} {[%emt 00:00:08]} 36. Re1
{[%clk 00:09:01]} {[%emt 00:01:58]} Rxf2+ {[%clk 00:37:33]} {[%emt 00:00:15]}
37. Kg1 {[%clk 00:08:57]} {[%emt 00:00:33]} Rxa2 {[%clk 00:37:58]} {[%emt
00:00:06]} 0-1